Cheshire, North & Fowcett Private International law

The new edition of this well-established and highly regarded work has been fully updated to encompass the major changes and developments in the law, including the newly finalised Rome II Regulation. The book is invaluable for the practitioner as well as being one of the leading students' textbo...

Полное описание

Сохранить в:
Библиографические подробности
Главный автор: Fowcett, James J.
Другие авторы: Carruthers, Jareen M.
Формат:
Опубликовано: Oxford ; Oxford Univrsity Press
Редактирование:14th ed.
Предметы:
Метки: Добавить метку
Нет меток, Требуется 1-ая метка записи!

MARC

LEADER 00000nam a22000007a 4500
005 20260416142339.0
020 |a 9780199284382  |c TZS 45,435/= 
040 |a MCCL  |b eng. 
082 |a 341.9 CHE 
100 |a Fowcett, James J. 
245 |a Cheshire, North & Fowcett Private International law 
250 |a 14th ed. 
260 |a Oxford ;  |b Oxford Univrsity Press 
300 |a cxliii, 1390 p. :  |b ill. ;  |c 24 cm. 
504 |a Includes Index 
520 |a The new edition of this well-established and highly regarded work has been fully updated to encompass the major changes and developments in the law, including the newly finalised Rome II Regulation. The book is invaluable for the practitioner as well as being one of the leading students' textbooks in the field 
650 |a Private International law 
700 |a Carruthers, Jareen M. 
942 |c BK 
999 |c 12674  |d 12674